000 00307nam a22001337a 4500
008 170328b xxu||||| |||| 00| 0 eng d
020 _a0721644341
041 _aeng
080 _a796.3
100 _a8
101 _aSHM
245 _aSPORTS INJURIES DIAGNOSIS AND MANAGEMENT
_cGARRICK.J.G
942 _2udc
_cBK
999 _c8866
_d8866